000 00348nam a2200133Ia 4500
008 100328s9999 xx 000 0 und d
082 _b2417
100 _aHagen W. Von
245 _aSouth America Called Them
260 _bThe Scientific Book Club
630 _aSouth America Called Them
730 _aSouth America Called Them
942 _cBOOK
999 _c498632
_d498629